000 00746nam a2200217 i 4500
001 156675
003 ES-MaACL
005 20250809062559.0
008 941129s1860 sp |||| | spa d
040 _aCLM
_bspa
080 _a17.036.21
100 1 _aKrause, Karl Christian Friedrich.
_968762
245 1 0 _aIdeal de la humanidad para la vida /
_cC. Cr. Krause ; con introduccion y comentarios por Julián Sanz del Río.
260 _aMadrid :
_b[s.n.],
_c1860 (
_fImp. de Manuel Galiano)
300 _aXXII, 286 p. ;
_c20 cm.
650 4 _aDerecho-
_xFilosofía
_911620
650 7 _aÉtica
_2embne
_912577
700 1 _aSanz del Río, Julián,
_d1814-1869
_9132463
852 4 _aES-MaACL
_jF-7185
_z. -- Enc. hol.
999 _c156675
_d156675